Up from slavery: (Record no. 156251)

MARC details
000 -LEADER
fixed length control field 00565nam a22001817a 4500
005 - DATE AND TIME OF LATEST TRANSACTION
control field 20180828151937.0
010 ## - LCCN (DPL NO)
LC control number ENG-123857
020 ## - INTERNATIONAL STANDARD BOOK NUMBER
International Standard Book Number 9789381522448
Terms of availability 190.00
035 ## - SYSTEM CONTROL NUMBER
System control number EN-107389
037 ## - SOURCE OF ACQUISITION
Source of stock number/acquisition DBAD/PUB.
082 ## - DEWEY DECIMAL CLASSIFICATION NUMBER
Classification number 370.92
100 ## - MAIN ENTRY--PERSONAL NAME
Personal name Washington, Booker T.
245 ## - TITLE STATEMENT
Title Up from slavery:
Statement of responsibility, etc by Booker T. Washington
Remainder of title (unabridged edition) /
260 ## - PUBLICATION, DISTRIBUTION, ETC. (IMPRINT)
Place of publication, distribution, etc Delhi
Name of publisher, distributor, etc Kalra Publications (P) Ltd.
Date of publication, distribution, etc 2010-11
270 ## - ADDRESS
Address 2619-20/3, New Market, Nai Sarak,
City Delhi
Postal code 110006
300 v# - PHYSICAL DESCRIPTION
Extent vii,280p.
Dimensions 22cm(Hb)
942 ## - ADDED ENTRY ELEMENTS (KOHA)
Source of classification or shelving scheme Dewey Decimal Classification
Item type English Books
Call number suffix WAS
Classification part 370.92
Holdings
Withdrawn status Lost status Not for loan Collection code Home library Current library Date acquired Source of acquisition Cost, normal purchase price Full call number Barcode Copy number Cost, replacement price Koha item type
    Not For Loan Non-fiction D.B.Act.Division Bawana 24/08/2018 DBAD/PUB 190.00 370.92 WAS EN-107389 1 190.00 English Books

© Delhi Public Library
Hit Counter
free hit counter